Hechizos Harry Potter - Estadísticas

Estadísticas generales
  • Esta prueba ha sido intentada 294 veces
  • La puntuación promedio es 8 de 181
Estadísticas de respuestas
Hint Respuesta % Correcto
Atrae un objeto hacia quien realiza el encantamiento Accio
78%
Se utiliza para abrir y desbloquear puertas. Alohomora
77%
Hace levitar objetos Wingardium Leviosa
64%
Mata instantáneamente a la victima, y sin dolor. Avada Kedavra
60%
Inflige un dolor intenso similar a una tortura. Crucio
53%
Permite controlar la voluntad del objetivo Imperio
44%
Sirve para desarmar y/o desestabilizar al objetivo Expelliarmus
35%
Produce una fuente o chorro de agua de la punta de la varita. Aguamenti
34%
Provoca una pequeña explosión. Bombarda
27%
Crea una pequeña esfera de luz en la punta de la varita Lumos
26%
Provoca una gran explosión Bombarda Máxima
17%
Petrifica a la víctima Petrificus Totalus
16%
Se utiliza para reparar todo tipo de objetos Reparo
16%
Crea hojas u objetos afilados en el objetivo provocándole cortes profundos Sectumsempra
16%
Convoca un espíritu animal del invocador para protegerlo o enviarlo como mensajero. Expecto Patronum
15%
Permite hacer levitar al objetivo Levicorpus.
15%
Cesa una pequeña esfera de luz en la punta de la varita Nox
15%
Provoca un escudo que repela hechizos Protego
15%
Termina los efectos de los hechizos Finite
14%
Produce fuego Incendio
14%
Permite romper objetos e incluso desintegrarlos Reducto
14%
Hace confundirse a la víctima Confundus
12%
Agranda al objetivo Engorgio
12%
Eleva por lo alto al lanzador Ascendio
10%
Aturde a la víctima gravemente Desmaius
10%
Permite levitar ligeramente objetos pequeños Levioso
9%
se utiliza para repeler o esfumar arácnidos Arania Exumai
7%
Sirve para cortar. Diffindo
7%
Permite empujar personas y/u objetos Flipendo
7%
Hechizo utilizado para repeler a los Boggarts Riddikulus
7%
Se utiliza para disminuir la velocidad del objetivo en movimiento. Aresto Momentum
6%
Empuja un objeto deseado Depulso
6%
Puede modificar recuerdos e incluso borrarlos de la memoria del objetivo Obliviate
6%
Provoca una explosión (utilizando el calor) Confringo
5%
Se usa para sanar heridas menores Episkey
5%
Permite lanzar hacia un objetivo una bandada de pájaros generada por un hechizo Oppugno
5%
Conjura una serpiente desde la varita Serpensortia
5%
Hace descender al objetivo Descendio
4%
Encoge al objetivo Reducio
4%
Causa que las piernas de la víctima bailen a gran velocidad Tarantallegra
4%
Convoca una bandada de pájaros Avis
3%
Provoca una explosión (utilizando la presión del aire) Expulso
3%
Hechizo que acompañado del objeto deseado, le dota de la capacidad de moverse y seguir al objetivo. Locomotor
3%
Amplia la voz del objetivo Sonorus
3%
Despeja las vías respiratorias de la persona en la que se utilice el hechizo Anapneo
2%
Repara los huesos rotos Braquiam Emendo
2%
Termino todos los efectos de los hechizos Finite Incantatem
2%
Amarra con fuertes cuerdas al objetivo Incarcerous
2%
Crea una pequeña esfera de luz solar en la punta de la varita Lumos Solem
2%
Provoca una sensación de cosquilleo en el abdomen que desestabiliza al oponente Rictusembra
2%
Hace vomitar babosas a la víctima Tragababosas
2%
Levanta por los aires al objetivo. Alarte Ascendere
1%
Se utiliza para revertir los encantamientos que esconden Aparecium
1%
Se utiliza para controlar un chorro de agua pura de la punta de la varita. Aqua Eructo
1%
Ordena y mete las cosas del mago en el baúl que éste apunte. Bauleo
1%
Convierte los objetos en piedra Duro
1%
Oculta un secreto, el cual solo pudiendo ser revelado por el lanzador o "Guardián Secreto" Fidelio
1%
Congela al objetivo Glacius
1%
Revela la presencia humana en el entorno del objetivo Homenum Revelio
1%
Maleficio que golpea hacia atrás a su víctima Impedimenta
1%
Contra-hechizo que te devuelve al suelo Liberacorpus
1%
Convoca en el cielo la marca tenebrosa Morsmordre
1%
Dispara chispas rojas al cielo Periculum
1%
Libera cadenas, cuerdas u otros amarres. Relashio
1%
Dispara una fuerte ráfaga de viento desde la varita Ventus
1%
Transforma un animal en copa Vera verto
1%
Hace crecer cuernos en la cabeza de la víctima Anteoculatia
0%
Permite recrear momentos y situaciones completas del pasado Appare Vestigium
0%
Crea y te permite mover una gran bola de agua por los aires Aqua Volatem
0%
Ata las extremidades del oponente con cuerdas invisibles Atabraquium
0%
Aumenta el poder del oído para escuchar sonidos o voces a larga distancia. Auris Magna
0%
Se utiliza sobre las plumas para que regresen al lugar de donde vinieron Avanseguim
0%
Ordena volar a una criatura Aviatus
0%
Transforma al objetivo en un pájaro. Avifors
0%
Hace que el pelo del objetivo se caiga, dejándolo calvo. Calvario
0%
Obliga a personas y/u objetos a cantar Cantis
0%
Aumenta las dimensiones internas de un objeto sin alterar su tamaño. Caoacious Extremis
0%
Produce una burbuja, la cual recubre la boca y la nariz, permitiendo respirar bajo el agua. Caput Bullae
0%
Produce una especie de cuerda mágica de la varita del lanzador, que se ata en el objetivo Carpe Retractum
0%
Puede advertir al lanzador de los enemigos que se aproximan. Cave Inimicum
0%
Ayuda al crecimiento de las plantas en invernaderos que son utilizadas en pociones Celescere
0%
Permite voltear objetos según la voluntad del mago Circumrota
0%
Abre cofres y cajas Cistem Aperio
0%
Cierra puertas, cerraduras y otros objetos Colloportus
0%
Pega los zapatos de la víctima al suelo Colloshoo
0%
Cambia de color al objetivo Colovaria
0%
Permite cambiar el color y estilo del cabello Crinus muto
0%
Se utiliza para cavar Defodio
0%
Desintegra a un objeto Deletrius
0%
Provoca un grotesco crecimiento de los dientes de la víctima Densaugeo
0%
Produce una gran ráfaga de aire Deprimo
0%
Abre algunos pasajes secretos Dessendium
0%
Hace que el objetivo vaya encogiendo paulatinamente. Diminuendo
0%
Transforma al objetivo en un dragón. Draconifors
0%
Permite abrir puertas de celdas Dunamis
0%
Encierra a la víctima en una burbuja gigante Ebublio
0%
Libera las ataduras de un objetivo Emancipare
0%
Convierte a la víctima en un insecto Entomorphis
0%
Se utiliza para elevar/plantar una tienda u otras estructuras Erecto
0%
Hace que el objetivo se ablande haciéndolo elástico Espongificación
0%
Convierte a una lechuza en unos anteojos Estrigiforma
0%
Desaparece un objeto o sustancia Evanesco
0%
Empuja hacia atrás al objetivo haciéndole perder el equilibrio Everte Statum
0%
Convierte a un gato en un caldero Felifors
0%
Sella mágicamente una puerta. Fermaportus
0%
Conjura una vara de madera y vendas Ferula
0%
Equipo que fortalece encantamientos escudo Fianto Duri
0%
Crea grandes espíritus de fuego que queman todo a su paso Fiendfyre
0%
Contra-hechizo que elimina a los espíritus de fuego Fiendlocked
0%
Crea llamas o bolas de fuego Fiery
0%
Permite romper el cristal de las ventanas convirtiéndolo en polvo Finestra
0%
Produce marcas de fuego que se pueden usar par escribir Flagrate
0%
Libera la mente del objetivo para aclarar sus pensamientos e intenciones Focus
0%
Permite limpiar objetos de todo tipo de suciedad Fregotego
0%
Invoca unas cuerdas luminosas y brutales que atan a la víctima Fulgari
0%
Produce una nube de humo gris Fumos
0%
Cubre la cara del objetivo de granos y forúnculos Furunculus
0%
Crea una copia idéntica (solo en imagen) de un objeto Geminio
0%
Pone objetos en línea recta o completamente lisos Glisseo
0%
Convierte a la víctima en un gusano Gusarajus
0%
Hace que las flores y plantas crezcan instantáneamente Herbivicius
0%
Convierte un erizo en un afiletero Histrifors
0%
Revierte las transformaciones de un animago Homoformae
0%
Hace ilegible un texto Illegibilus
0%
Deja inmóvil a un objetivo Immobilus
0%
Hechizo impermeabilizador contra líquidos y sólidos Impervius
0%
Transforma cadáveres en zombies llamados "inferi" Inferius
0%
Infla al objetivo Inflatus
0%
Crea una jaula alrededor del objetivo solo pudiendo ser abierta por el convocador Jaulio
0%
Produce una pequeña llama Lacarnum Inflamare
0%
Transforma al objetivo en un conejo Lapifors
0%
Permite penetrar en la mente del objetivo Legerments
0%
Envuelve la cabeza de la víctima con una calabaza Melofors
0%
Modifica el clima en un espacio Meteoloembrujo
0%
Cesa efectos climáticos causados por hechizos Meteoloembrujo Recanto
0%
Enrolla la lengua de la víctima haciendo que no pueda revelar cierta información Mimblewimble
0%
Hace que un árbol levite se mueva en la dirección que quiera el usuario Mobiliarbus
0%
Hace que un cuerpo levite se mueva en la dirección que quiera el usuario Mobilicorpus
0%
Crea un efecto invisible de suavidad en la superficie de un objeto Molliare
0%
Inflinge al objetivo malestar general en forma de frío y naúseas Mucus ad Nauseam
0%
Provoca que las personas cercanas escuchen solo un zumbido Muffiato
0%
Se utiliza para cambiar el color de la ropa Multicorfors
0%
Crea una niebla espesa y oscura Nebulus
0%
Provoca que una venda aparezca sobre los ojos de la víctima Obscuro
0%
Hace que un objeto regrese a su estado anterior Offero
0%
Hace que el objetivo sea absorbido parcialmente por el suelo Orbis
0%
Crea un ramo de flores en la varita del lanzador Orchideous
0%
La varita del mago actúa como brújula que apunta al norte Orientame
0%
Maleficio que borra la boca del oponente temporalmente Oscausi
0%
Hace desaparecer los huesos del cuerpo de su víctima Ossio Dispersimus
0%
Pega la lengua de su víctima al paladar, impidíendole hablar Palalingua
0%
Crea un espacio temporal a través de barreras mágicas protectoras Partis Temporus
0%
Transforma al objetivo en un pato pequeño Patolifors
0%
Controla plagas de duendecillos de Cornualles Peskipiksi Pesternomi
0%
Convierte cualquier objeto en un traslador Portus
0%
Hace que apareza el eco (sombra o imagen) del último hechizo que fue lanzado desde esa varita. Prior Incantato
0%
Convierte e la víctima en una gallina o pollo Pullus
0%
Hace regresar a un tono normal la voz mágicamente ampliada Quietus
0%
Emite un chorro de agua ardiendo desde la varita Relaxo
0%
Vuelve a la normalidad a una persona aturdida Rennervate
0%
Revierte los hechizos transformadores Reparifarge
0%
Crea una barrera protectora que desintegra a quien la cruce Repello Inimicum
0%
Protege un área determinada de muggles, provocandoles un Deja Vu Repello Muggletum
0%
Protege un área determinada contra maleficios Salvio hexia
0%
Transforma al objetivo en una pluma Scribblifors
0%
Limpia un objeto Scurgify
0%
Disminuye el sonido de algo Silencio
0%
Disuelve el ectoplasma dejado por los fantasmas Skurge
0%
Hace que un objeto muestre sus secretos o propiedades mágicas Specialis Revelio
0%
Causa que la víctima comience a estornudar durante un período de tiempo. Steleus
0%
Hace aparecer estrellas en retratos o espacios abiertos Stella
0%
Elimina los efectos de los encantamientos amorosos Surgito
0%
Se aplica sobre una palabra, de forma que si alguien la pronuncia, le avisa al lanzador de su identidad y ubicación. Taboo
0%
Sirve para limpiar líquidos, grasa o polvo Targeo
0%
Transforma al objetivo en un tentáculo Tentaclifors
0%
Produce cosquillas en el objetivo Titillando
0%
Dispara chispas verdes desde la varita Verdimillious
0%
Contra-hechizo que hace desparecer a una serpiente invocada Vipera Evanesca
0%
Contra-hechizo que permite reparar cortes profundos Vulnera Sanentur
0%
Hechizo que permite despejar un objeto pequeño disparándolo contra otro objetivo Waddiwasi
0%
Utilizado para destruir varitas Xylotus
0%
No se encontraron pruebas coincidentes
Distribución de puntuación
Porcentaje de gente con cada puntuación
Porcentaje por número respondido
Historial de tus puntuaciones
No has intentado esta prueba.